Canadian cities with the most skyscrapers >150m - Statistics

General Stats
  • This quiz has been taken 354 times
    203 since last reset
  • The average score is 7 of 11
Answer Stats
# of Buildings >150m Answer % Correct
120 Toronto, ON
100%
7 Vancouver, BC
99%
19 Calgary, AB
97%
18 Montreal, QC
97%
2 Edmonton, AB
93%
6 Mississauga, ON
62%
1 Surrey, BC
43%
11 Burnaby, BC
31%
1 Niagara Falls, ON
26%
8 Vaughan, ON
26%
3 Coquitlam, BC
14%
No matching quizzes found
Score Distribution
Percent of People with Each Score
Percentile by Number Answered
Your Score History
You have not taken this quiz since the last reset